000 01403nam a2200217Ia 4500
003 Ost
005 20260507075804.0
008 260507s9999||||xx |||||||||||||| ||und||
040 _cfsecg
041 _aara
082 _a657.42
100 _aالطحان;فراج، ثناء عطية، محمد ابو العلا
_eمؤلف
245 0 _aمبادئ محاسبة التكاليف (ك4) /
_c الطحان
260 _aالقاهرة :
_bمطبعة مركز التعليم المفتوح,
_c1998
300 _a248 صفحة؛
_bإيضاحات ؛
_c24 سم
520 _aنظام التكاليف - المفهوم و الأهداف ، مقومات نظام التكاليف و العوامل المؤثرة في تصميمه ،المحاسبة عن تكلفة المستلزمات السلعية الواردة ، المحاسبة على تكلفة المستلزمات السلعية المنصرفة ، المحاسبة عن تكلفة العمل ، تحليل عنصر تكلفة العمل ، المحاسبة عن التكايف غير المباشرة و أسس توزيعها ، طرق توزيع تكاليف مراكز الخدمات الانتاجية على المراكز المستفيدة ، معجلات تحميل التكاليف غير المباشرة .
653 _aالاجور
653 _aالتكاليف
653 _aالمحاسبة المالية
942 _cكتاب
999 _c46361
_d46361